Neuroanatomía
Shranjeno v:
| Glavni avtor: | |
|---|---|
| Format: | Knjiga |
| Jezik: | španščina |
| Izdano: |
Buenos Aires
Médica Panamericana
1971
|
| Teme: | |
| Oznake: |
Označite
Brez oznak, prvi označite!
|
MARC
| LEADER | 00000nam a2200000 a 4500 | ||
|---|---|---|---|
| 001 | UCZ6811 | ||
| 003 | CL-VaPUC | ||
| 008 | 951215e19710000AG |||||||||||||||||spa|d | ||
| 082 | 0 | 4 | |a 611.8 |b GOR |2 21 |
| 100 | 0 | |a Gorostarzu, Carlos Mario |e author |9 351330 | |
| 245 | 1 | 0 | |a Neuroanatomía |
| 300 | |a 587 p | ||
| 942 | |c BK | ||
| 945 | |d 19951215 00:00:00 |a cmena | ||
| 260 | |a Buenos Aires |b Médica Panamericana |c 1971 | ||
| 650 | 0 | |a Sistema nervioso |9 266815 | |
| 650 | 7 | |a NERVIOS |2 CL-VaPUC |9 351331 | |
| 650 | 0 | |a Anatomía |9 261202 | |
| 650 | 7 | |a TEJIDO NERVIOSO |2 CL-VaPUC |9 269550 | |
| 650 | 0 | |a Cerebro |9 307262 | |
| 650 | 7 | |a TELENCEFALO |2 CL-VaPUC |9 344131 | |
| 650 | 7 | |a MESENCEFALO |2 CL-VaPUC |9 351332 | |
| 583 | |a last modification |c 19951215 00:00:00 |k Rodrigo Vera | ||
| 999 | |c 242973 |d 242971 | ||